000 00364nam a22001337a 4500
999 _c13646
_d13646
020 _a9780195791747
082 _a302.23
_bAKH
100 _aRai Shakil Akhtar
245 _aMedia, Religion, and Politics in Pakistan
260 _aKarachi
_bOxford University Press
_c2000
300 _aXXXii, 255 Pages
650 _aPakistan, Religion, Politics, Media
942 _cBK